Journal of governmental and financial accounting research (Record no. 38409)

MARC details
000 -LEADER
fixed length control field 00527nam a2200169Ia 4500
022 ## - INTERNATIONAL STANDARD SERIAL NUMBER
ISSN 00370019
050 ## - CALL MARK
Classification number HF 5616 .N59 J684/
245 #0 - TITLE STATEMENT
Title Journal of governmental and financial accounting research
260 ## - PUBLICATION, DISTRIBUTION, ETC. (IMPRINT)
Place of publication Keffi, Nigeria
260 ## - PUBLICATION, DISTRIBUTION, ETC. (IMPRINT)
Name of publisher Governmental and Financial Accounting Research Centre, Nasarawa State University
260 ## - PUBLICATION, DISTRIBUTION, ETC. (IMPRINT)
Year of publication 2005
300 ## - PHYSICAL DESCRIPTION
Number of Pages iv. , 122 p. ; 29 cm.
650 ## - SUBJECT ADDED ENTRY--TOPICAL TERM
Topical Term Accounting--Nigeria--Periodicals.
942 ## - ADDED ENTRY ELEMENTS (KOHA)
Koha item type Serials

No items available.